UM Logo

Smoke and mirrors: (Record no. 14518)

MARC details
000 -LEADER
fixed length control field 00574nam a2200145 4500
008 - FIXED-LENGTH DATA ELEMENTS--GENERAL INFORMATION
fixed length control field 191001b ||||| |||| 00| 0 eng d
022 ## - INTERNATIONAL STANDARD SERIAL NUMBER
International Standard Serial Number 01559982
082 ## - DEWEY DECIMAL CLASSIFICATION NUMBER
Classification number DPer 657.05 Ac172 Mar 2012-Sept 2015 v. 36-39.
100 ## - MAIN ENTRY--PERSONAL NAME
9 (RLIN) 40128
Personal name Sikka, Prem.
245 ## - TITLE STATEMENT
Title Smoke and mirrors:
Remainder of title corporate social responsibility and tax avoidance- a reply to Hasseldine and Morris/
Statement of responsibility, etc. Prem Sikka.
260 ## - PUBLICATION, DISTRIBUTION, ETC. (IMPRINT)
Place of publication, distribution, etc. Amsterdam:
Name of publisher, distributor, etc. Elsevier Ltd,
Date of publication, distribution, etc. ©Mar 2012-Sept 2015.
300 ## - PHYSICAL DESCRIPTION
Extent v37 i1, pages 15-38:
Other physical details illustrations;
Dimensions 27 cm
650 ## - SUBJECT ADDED ENTRY--TOPICAL TERM
Topical term or geographic name as entry element Social responsibility of business.
9 (RLIN) 41748
942 ## - ADDED ENTRY ELEMENTS (KOHA)
Source of classification or shelving scheme Dewey Decimal Classification
Koha item type Periodicals
Holdings
Withdrawn status Lost status Source of classification or shelving scheme Damaged status Not for loan Collection code Home library Current library Date acquired Total Checkouts Full call number Date last seen Price effective from Koha item type Public note
    Dewey Decimal Classification     Periodicals UM Digos College - LIC UM Digos College - LIC 10/01/2019   DPer 657.05 Ac172 Mar 2012-Sept 2015 v. 36-39. 10/01/2019 10/01/2019 Periodicals Periodical article